[Event "Almaty Fizmat op"]
[Site "Almaty"]
[Date "2021.10.09"]
[Round "6"]
[White "Sainov, Sanzhar"]
[Black "Tulendinov, Dinmukhammed"]
[Result "0-1"]
[WhiteElo "1359"]
[BlackElo "1698"]
[PlyCount "88"]
[EventDate "2021.10.08"]
[EventType "swiss (rapid)"]
[EventRounds "9"]
[EventCountry "KAZ"]
[SourceTitle "EXT 2023"]
[Source "ChessBase"]
[SourceDate "2022.10.05"]
[SourceVersion "1"]
[SourceVersionDate "2022.10.05"]
[SourceQuality "1"]

1. e4 c5 2. Nf3 e6 3. Nc3 a6 4. g3 b5 5. d4 cxd4 6. Nxd4 Bb7 7. Bg2 Qc7 8. 0-0 Bc5 9. Kh1 Nf6 10. Bg5 Be7 11. Kg1 d6 12. Re1 0-0 13. a3 Nbd7 14. Qd2 h6 15. Be3 Ne5 16. Rad1 Nc4 17. Qc1 Rac8 18. Bd2 Nd7 19. b3 Nxd2 20. Qxd2 Qxc3 21. Qf4 Ne5 22. Qc1 Bf6 23. Rd2 Nd3 24. Rxd3 Qxd3 25. cxd3 Rxc1 26. Rxc1 Bxd4 27. Rc7 Rb8 28. Rd7 e5 29. Kf1 a5 30. Rxd6 Bc5 31. Rd7 Bxa3 32. Ke2 Bb2 33. Rd6 Bd4 34. f4 a4 35. fxe5 a3 36. Rxd4 a2 37. Rb4 a1Q 38. Rxb5 Qd4 39. Bf3 Ra8 40. Bh5 Ra2+ 41. Kf3 Qxd3+ 42. Kg4 Bc8+ 43. Kf4 Rf2+ 44. Bf3 Rxf3# 0-1

[Event "Wch U10"]
[Site "Santiago de Compostela"]
[Date "2018.11.04"]
[Round "1"]
[White "Sainov, Sanzhar"]
[Black "Hagner, Bennet"]
[Result "0-1"]
[WhiteElo "1435"]
[BlackElo "1912"]
[PlyCount "68"]
[EventDate "2018.11.04"]
[EventType "swiss"]
[EventRounds "11"]
[EventCountry "ESP"]
[SourceTitle "EXT 2022"]
[Source "ChessBase"]
[SourceDate "2021.10.06"]
[SourceVersion "1"]
[SourceVersionDate "2021.10.06"]
[SourceQuality "1"]

1. e4 c6 2. d4 d5 3. Nc3 dxe4 4. Nxe4 Nf6 5. Nxf6+ exf6 6. c3 Bf5 7. Bd3 Bxd3 8. Qxd3 Bd6 9. Ne2 0-0 10. Be3 Na6 11. 0-0 Nc7 12. Rac1 Ne6 13. c4 Rc8 14. Nc3 Re8 15. Rfe1 f5 16. Qxf5 Qh4 17. g3 Nxd4 18. Bxd4 Qxd4 19. Rxe8+ Rxe8 20. Rd1 Qe5 21. Qd7 Bc7 22. c5 f5 23. Qd4 Qxd4 24. Rxd4 Kf7 25. Kg2 Ke6 26. Rd2 Rd8 27. Re2+ Kf6 28. h3 Be5 29. Na4 g5 30. g4 fxg4 31. b3 gxh3+ 32. Kxh3 Rd3+ 33. Kg4 Kg6 34. Rxe5 h5# 0-1